000 00656nam a2200253Ia 4500
003 OSt
005 20221007111319.0
006 a|||||r|||| 00| 0
007 ta
008 221006b |||||||| |||| 00| 0 hin d
024 _a23,205
037 _cTextual
040 _aLCO
_cLCO
_bhin
041 _2hin
_ahin
082 _aZv2,N, N1
100 _aTripathi G.P.
245 0 _aBharat Ka Vaidhanik Sanvaidhanik Etihas
250 _a9th
260 _aAllahabad
_bCentral Law Publication India
_c1991
300 _a428
650 _aLEGAL HISTORY
_9695031
942 _hZv2,N, N1
_cTEXL
999 _c1192768
_d1192768